000 00550nam a2200181Ia 4500
008 090124s9999 xx 000 0 und d
082 _b5930
_a1486
100 _aखांडेकर वि.स.
245 _a रिकामा देव्हारा
250 _a1
260 _c1939
300 _a135
600 _aखांडेकर वि.स.
630 _a रिकामा देव्हारा
700 _aखांडेकर वि.स.
730 _a रिकामा देव्हारा
942 _cBOOK
999 _c119871
_d119871